书目信息 |
| 题名: |
频率域可控源电磁法三维有限元正演
|
|
| 作者: | 汤文武 , 柳建新 , 李耀国 著 | |
| 分册: | ||
| 出版信息: | 长沙 中南大学出版社 2017.03 |
|
| 页数: | 97页 | |
| 开本: | 24cm | |
| 丛书名: | 有色金属理论与技术前沿丛书 | |
| 单 册: | ||
| 中图分类: | P631.3 | |
| 科图分类: | ||
| 主题词: | 电磁法勘探--研究 | |
| 电子资源: | ||
| ISBN: | 978-7-5487-2744-6 | |
| 000 | 01436oam2 2200277 450 | |
| 001 | 4928 | |
| 005 | 20181013154203.25 | |
| 010 | @a978-7-5487-2744-6@b精装@dCNY35.00 | |
| 100 | @a20171222d2017 em y0chiy50 ea | |
| 101 | 0 | @achi |
| 102 | @aCN@b430000 | |
| 105 | @aa z 000yy | |
| 200 | 1 | @a频率域可控源电磁法三维有限元正演@9pin lv yu ke kong yuan dian ci fa san wei you xian yuan zheng yan@dThree dimensional controlled source electromagnetic forward modeling by finite element method@f汤文武,柳建新,李耀国著@zeng |
| 210 | @a长沙@c中南大学出版社@d2017.03 | |
| 215 | @a97页@c图@d24cm | |
| 225 | 2 | @a有色金属理论与技术前沿丛书 |
| 330 | @a本书在回顾常规可控源电磁法及带油井铁套管电磁法的正演技术研究现状的基础上,采用有限元方法重点研究了可控源电磁法的三维正演理论和方法技术,主要内容包括直接基于场的正演理论技术、基于耦合势的正演理论技术、考虑铁套管的可控源电磁法的正演理论技术。并初步对基于场及耦合势的正演方法进行了对比,为今后对电磁法三维正演技术的研究提供了可借鉴的经验。本书的取材主要出自作者博士阶段的研究成果。 | |
| 461 | 0 | @12001 @a有色金属理论与技术前沿丛书 |
| 510 | 1 | @aThree dimensional controlled source electromagnetic forward modeling by finite element method@zeng |
| 606 | 0 | @a电磁法勘探@x研究 |
| 690 | @aP631.3@v5 | |
| 701 | 0 | @a汤文武@9tang wen wu@f(1987-)@4著 |
| 701 | 0 | @a柳建新@9liu jian xin@4著 |
| 701 | 0 | @a李耀国@9li yao guo@4著 |
| 801 | 0 | @aCN@b91MARC@c20171222 |
| 905 | @aMuseLib@dP631.3@e95 | |
| 频率域可控源电磁法三维有限元正演=Three dimensional controlled source electromagnetic forward modeling by finite element method/汤文武,柳建新,李耀国著.-长沙:中南大学出版社,2017.03 |
| 97页:图;24cm.-(有色金属理论与技术前沿丛书) |
| ISBN 978-7-5487-2744-6(精装):CNY35.00 |
| 本书在回顾常规可控源电磁法及带油井铁套管电磁法的正演技术研究现状的基础上,采用有限元方法重点研究了可控源电磁法的三维正演理论和方法技术,主要内容包括直接基于场的正演理论技术、基于耦合势的正演理论技术、考虑铁套管的可控源电磁法的正演理论技术。并初步对基于场及耦合势的正演方法进行了对比,为今后对电磁法三维正演技术的研究提供了可借鉴的经验。本书的取材主要出自作者博士阶段的研究成果。 |
| ● |
| 相关链接 |
|
|
|
|
正题名:频率域可控源电磁法三维有限元正演
索取号:P631.3/95
 
预约/预借
| 序号 | 登录号 | 条形码 | 馆藏地/架位号 | 状态 | 备注 |
| 1 | 1127294 | 211272941 | 第二样本阅览室/ [索取号:P631.3/95] | 在馆 | |
| 2 | 1127295 | 211272950 | 第三借阅区/ [索取号:P631.3/95] | 在馆 | |
| 3 | 1127296 | 211272969 | 第三借阅区/ [索取号:P631.3/95] | 在馆 | |
| 4 | 1127297 | 211272978 | 密集书库-物理学院/ [索取号:P631.3/95] | 在馆 | |
| 5 | 1127298 | 211272987 | 第三借阅区/ [索取号:P631.3/95] | 在馆 |